|
|
|
|
| LEADER |
00000nab a2200000 a 4500 |
| 001 |
vtls000933657 |
| 003 |
SK-MaSNL |
| 005 |
20260305003922.0 |
| 008 |
040720e20040810xo 0 slo |
| 035 |
|
|
|a KE42534
|
| 040 |
|
|
|a KEVKJB
|b slo
|c KEVKJB
|e AACR2
|
| 041 |
0 |
|
|a slo
|
| 044 |
|
|
|a xo
|c SK
|
| 080 |
|
|
|a 785.1
|2 1981
|
| 100 |
0 |
|
|a (ato)
|4 aut
|9 872578
|
| 245 |
1 |
0 |
|a Z daní U.S.Steelu poputuje 20 miliónov aj filharmónii
|b Peniaze chce vedenie využiť na opravy a modernizáciu
|
| 300 |
|
|
|b 2 foto
|
| 610 |
2 |
7 |
|a Štátna filharmónia Košice
|2 KEVKJB
|9 56989
|
| 650 |
0 |
7 |
|a investície
|2 KEVKJB
|9 2292
|
| 651 |
|
7 |
|a Košice (Slovensko)
|2 KEVKJB
|9 18694
|
| 651 |
|
7 |
|a KE,
|2 KEVKJB
|9 877256
|
| 655 |
|
7 |
|a periodikum
|2 snkbucl
|9 29553
|
| 710 |
2 |
|
|a Štátna filharmónia Košice
|4 aut
|9 56989
|
| 773 |
0 |
8 |
|t Košický denník Korzár
|g Roč. 7, č.184, 10.8.2004, s. 3
|x 1335-4566
|
| 852 |
|
|
|a ZVYKNI
|b KIS3GCP
|
| 999 |
|
|
|c 3233151
|d 3235081
|